000 00640nam a2200265Ia 4500
005 20260121172459.0
008 008 260114s9999 xx 000 0 eng d
020 _a9783658332839
037 _aEBOOK
040 _aCRL
040 _beng
040 _cCRL
041 _2eng
041 _aeng
084 _qCRL
100 _aMartin Tröndle, Johanna Schindler
_91088956
245 0 _aPlaces of Excellence
260 _bSpringer
260 _bSpringer
260 _c2021
856 _uhttps://link.springer.com/openurl?genre=book&isbn=978-3-658-33283-9
942 _cEBOOK
999 _c1654695
_d1654695